Statistiques concernant Les communes de Seine-Maritime (76)

Cliquez ici pour prendre le quiz!

Statistiques générales

  • Ce quiz a été pris 110 fois
  • Le résultat moyen est 52 sur 708

Statistiques - réponses

CantonCommune% Correct
RouenRouen
87%
Dieppe-1Dieppe
78%
Le HavreLe Havre
78%
FécampFécamp
75%
Le Petit-QuevillyLe Petit-Quevilly
72%
Mont-Saint-AignanMont-Saint-Aignan
71%
Le Grand-QuevillyLe Grand-Quevilly
70%
BarentinBarentin
68%
EuEu
64%
BolbecBolbec
62%
ElbeufElbeuf
62%
Saint-Étienne-du-RouvraySaint-Étienne-du-Rouvray
59%
YvetotYvetot
59%
Bois-GuillaumeBois-Guillaume
58%
DarnétalDarnétal
58%
Gournay-en-BrayGournay-en-Bray
58%
LunerayLuneray
58%
CanteleuCanteleu
57%
Neufchâtel-en-BrayNeufchâtel-en-Bray
57%
Saint-Valery-en-CauxSaint-Valery-en-Caux
55%
Le Petit-QuevillySotteville-lès-Rouen
55%
Notre-Dame-de-BondevilleNotre-Dame-de-Bondeville
54%
Saint-Romain-de-ColboscSaint-Romain-de-Colbosc
54%
EuLe Tréport
52%
Octeville-sur-MerOcteville-sur-Mer
51%
Octeville-sur-MerÉtretat
49%
Le Mesnil-EsnardLe Mesnil-Esnard
49%
Port-Jérôme-sur-SeinePort-Jérôme-sur-Seine
46%
Caudebec-lès-ElbeufCaudebec-lès-Elbeuf
45%
ElbeufGrand-Couronne
38%
CanteleuMaromme
38%
Le Grand-QuevillyPetit-Couronne
38%
Le HavreSainte-Adresse
38%
Le HavreMontivilliers
36%
Saint-Étienne-du-RouvrayOissel
33%
Saint-Valery-en-CauxCany-Barville
32%
Le HavreGonfreville-l'Orcher
32%
Le HavreHarfleur
32%
BolbecLillebonne
32%
Mont-Saint-AignanDéville-lès-Rouen
30%
Caudebec-lès-ElbeufTourville-la-Rivière
30%
BarentinLe Trait
29%
Saint-Valery-en-CauxVeules-les-Roses
29%
Bois-GuillaumeBihorel
28%
BarentinDuclair
28%
Notre-Dame-de-BondevilleMalaunay
28%
Gournay-en-BrayForges-les-Eaux
26%
BarentinJumièges
26%
Notre-Dame-de-BondevillePavilly
26%
Saint-Valery-en-CauxPaluel
25%
Le Mesnil-EsnardBoos
23%
Bois-GuillaumeIsneauville
23%
Caudebec-lès-ElbeufSaint-Aubin-lès-Elbeuf
23%
DarnétalBonsecours
22%
Notre-Dame-de-BondevilleLe Houlme
22%
Bois-GuillaumeMontville
22%
Dieppe-2Petit-Caux
22%
Caudebec-lès-ElbeufSaint-Pierre-lès-Elbeuf
22%
BolbecTancarville
22%
Le Mesnil-EsnardBuchy
20%
Caudebec-lès-ElbeufCléon
20%
Le Mesnil-EsnardRy
20%
YvetotYerville
20%
Le Mesnil-EsnardFranqueville-Saint-Pierre
17%
LunerayTôtes
17%
Port-Jérôme-sur-SeineTrouville
17%
Bois-GuillaumeClères
16%
Gournay-en-BrayDoudeauville
16%
YvetotDoudeville
16%
Dieppe-1Saint-Aubin-sur-Scie
16%
DarnétalAmfreville-la-Mi-Voie
14%
Gournay-en-BrayAumale
14%
BolbecBeuzeville-la-Grenier
14%
YvetotSainte-Marie-des-Champs
14%
DarnétalSaint-Jacques-sur-Darnétal
14%
Dieppe-2Saint-Nicolas-d'Aliermont
14%
YvetotAllouville-Bellefosse
13%
Saint-Romain-de-ColboscGoderville
13%
Neufchâtel-en-BrayLa Crique
13%
Bois-GuillaumeQuincampoix
13%
Port-Jérôme-sur-SeineRives-en-Seine
13%
Saint-Valery-en-CauxVeulettes-sur-Mer
13%
Octeville-sur-MerCriquetot-l'Esneval
12%
Dieppe-2Envermeu
12%
Le HavreGainneville
12%
BolbecGruchet-le-Valasse
12%
Dieppe-1Hautot-sur-Mer
12%
ElbeufLa Bouille
12%
Neufchâtel-en-BrayLondinières
12%
Dieppe-1Offranville
12%
BolbecRouville
12%
Saint-Romain-de-ColboscSaint-Aubin-Routot
12%
FécampSaint-Léonard
12%
BarentinSaint-Martin-de-Boscherville
12%
Saint-Romain-de-ColboscSandouville
12%
FécampValmont
12%
FécampYport
12%
Dieppe-2Arques-la-Bataille
10%
EuBlangy-sur-Bresle
10%
Port-Jérôme-sur-SeineBolleville
10%
EuCriel-sur-Mer
10%
Notre-Dame-de-BondevilleEslettes
10%
Neufchâtel-en-BrayMesnières-en-Bray
10%
BolbecNointot
10%
Notre-Dame-de-BondevillePissy-Pôville
10%
Notre-Dame-de-BondevilleSaint-Jean-du-Cardonnay
10%
Octeville-sur-MerSaint-Jouin-Bruneval
10%
Octeville-sur-MerSaint-Martin-du-Manoir
10%
Neufchâtel-en-BraySaint-Saëns
10%
Saint-Valery-en-CauxTerres-de-Caux
10%
Saint-Valery-en-CauxVittefleur
10%
Saint-Valery-en-CauxYébleron
10%
DarnétalBelbeuf
9%
Saint-Valery-en-CauxBourville
9%
BarentinBouville
9%
Saint-Romain-de-ColboscBréauté
9%
Octeville-sur-MerCauville-sur-Mer
9%
FécampColleville
9%
Octeville-sur-MerÉpouville
9%
Saint-Romain-de-ColboscÉtainhus
9%
Saint-Valery-en-CauxFontaine-le-Dun
9%
Octeville-sur-MerFontenay
9%
EuFoucarmont
9%
Saint-Valery-en-CauxFoucart
9%
Saint-Valery-en-CauxGrainville-la-Teinturière
9%
YvetotHéricourt-en-Caux
9%
Notre-Dame-de-BondevilleHouppeville
9%
ElbeufLa Londe
9%
BolbecLanquetot
9%
Octeville-sur-MerLa Poterie-Cap-d'Antifer
9%
Saint-Romain-de-ColboscLes Trois-Pierres
9%
Saint-Romain-de-ColboscManneville-la-Goupil
9%
Notre-Dame-de-BondevilleMontigny
9%
ElbeufOrival
9%
Notre-Dame-de-BondevilleRoumare
9%
Dieppe-1Rouxmesnil-Bouteilles
9%
Saint-Romain-de-ColboscSainneville
9%
BolbecSaint-Antoine-la-Forêt
9%
Saint-Valery-en-CauxSaint-Aubin-sur-Mer
9%
Saint-Romain-de-ColboscSaint-Gilles-de-la-Neuville
9%
BolbecSaint-Jean-de-la-Neuville
9%
Saint-Romain-de-ColboscSaint-Laurent-de-Brèvedent
9%
DarnétalSaint-Léger-du-Bourg-Denis
9%
Saint-Valery-en-CauxSaint-Martin-aux-Buneaux
9%
BolbecSaint-Nicolas-de-la-Taille
9%
BarentinSaint-Paër
9%
Saint-Romain-de-ColboscSaint-Vigor-d'Ymonville
9%
Saint-Valery-en-CauxSotteville-sur-Mer
9%
BolbecBeuzevillette
7%
Octeville-sur-MerFontaine-la-Mallet
7%
YvetotHautot-Saint-Sulpice
7%
Saint-Romain-de-ColboscLa Cerlangue
7%
Bois-GuillaumeLe Bocasse
7%
DarnétalLes Authieux-sur-le-Port-Saint-Ouen
7%
Neufchâtel-en-BrayLes Grandes-Ventes
7%
Octeville-sur-MerMannevillette
7%
BolbecMirville
7%
Saint-Valery-en-CauxNéville
7%
Port-Jérôme-sur-SeineNorville
7%
Saint-Romain-de-ColboscOudalle
7%
Saint-Valery-en-CauxOurville-en-Caux
7%
BolbecParc-d'Anxtot
7%
Port-Jérôme-sur-SeinePetiville
7%
BarentinQuevillon
7%
BolbecRaffetot
7%
Octeville-sur-MerRolleville
7%
YvetotRoutes
7%
Port-Jérôme-sur-SeineSaint-Aubin-de-Crétot
7%
BolbecSaint-Eustache-la-Forêt
7%
Octeville-sur-MerSaint-Martin-du-Bec
7%
BarentinSaint-Pierre-de-Varengeville
7%
FécampSassetot-le-Mauconduit
7%
Saint-Romain-de-ColboscSausseuzemare-en-Caux
7%
LunerayVal-de-Saâne
7%
Octeville-sur-MerVillainville
7%
BarentinVillers-Écalles
7%
Saint-Romain-de-ColboscVirville
7%
DarnétalYmare
7%
Dieppe-2Ancourt
6%
Octeville-sur-MerAngerville-l'Orcher
6%
BarentinAnneville-Ambourville
6%
LunerayAvremesnil
6%
LunerayBacqueville-en-Caux
6%
BolbecBernières
6%
BarentinBlacqueville
6%
Neufchâtel-en-BrayBosc-le-Hard
6%
LunerayBrachy
6%
Le Mesnil-EsnardCailly
6%
Notre-Dame-de-BondevilleCarville-la-Folletière
6%
Neufchâtel-en-BrayClais
6%
Saint-Valery-en-CauxCrasville-la-Rocquefort
6%
EuDancourt
6%
YvetotÉcretteville-lès-Baons
6%
Saint-Romain-de-ColboscGommerville
6%
Octeville-sur-MerGonneville-la-Mallet
6%
DarnétalGouy
6%
YvetotGrémonville
6%
LunerayGruchet-Saint-Siméon
6%
LunerayGueures
6%
CanteleuHautot-sur-Seine
6%
Octeville-sur-MerHermeville
6%
Octeville-sur-MerHeuqueville
6%
Saint-Romain-de-ColboscHouquetot
6%
Port-Jérôme-sur-SeineLa Frénaye
6%
Saint-Valery-en-CauxLe Bourg-Dun
6%
Saint-Valery-en-CauxLe Hanouard
6%
FécampLes Loges
6%
Octeville-sur-MerLe Tilleul
6%
Notre-Dame-de-BondevilleLimésy
6%
LunerayLongueville-sur-Scie
6%
Le Mesnil-EsnardMontmain
6%
Octeville-sur-MerNotre-Dame-du-Bec
6%
Saint-Valery-en-CauxOcqueville
6%
Le Mesnil-EsnardPréaux
6%
Dieppe-1Quiberville
6%
CanteleuSahurs
6%
DarnétalSaint-Aubin-Celloville
6%
Saint-Valery-en-CauxSainte-Colombe
6%
BarentinSainte-Marguerite-sur-Duclair
6%
Dieppe-1Sainte-Marguerite-sur-Mer
6%
DarnétalSaint-Martin-du-Vivier
6%
CanteleuSaint-Pierre-de-Manneville
6%
Saint-Valery-en-CauxSaint-Riquier-ès-Plains
6%
Saint-Valery-en-CauxSaint-Sylvain
6%
Saint-Romain-de-ColboscSaint-Vincent-Cramesnil
6%
Saint-Valery-en-CauxSasseville
6%
Gournay-en-BraySerqueux
6%
Saint-Romain-de-ColboscTocqueville-les-Murs
6%
FécampTourville-les-Ifs
6%
Octeville-sur-MerTurretot
6%
LunerayVal-de-Scie
6%
YvetotValliquerville
6%
Le Mesnil-EsnardVieux-Manoir
6%
Saint-Valery-en-CauxAlvimare
4%
Bois-GuillaumeAnceaumeville
4%
Saint-Valery-en-CauxAnglesqueville-la-Bras-Long
4%
Octeville-sur-MerAnglesqueville-l'Esneval
4%
Port-Jérôme-sur-SeineAnquetierville
4%
Gournay-en-BrayArgueil
4%
Neufchâtel-en-BrayAvesnes-en-Val
4%
BarentinBardouville
4%
Gournay-en-BrayBézancourt
4%
Le Mesnil-EsnardBlainville-Crevon
4%
Saint-Valery-en-CauxBlosseville
4%
Le Mesnil-EsnardBosc-Bordel
4%
Saint-Valery-en-CauxCliponville
4%
Gournay-en-BrayConteville
4%
Saint-Valery-en-CauxCrasville-la-Mallet
4%
Neufchâtel-en-BrayCritot
4%
Notre-Dame-de-BondevilleCroix-Mare
4%
Octeville-sur-MerCuverville
4%
Saint-Valery-en-CauxDrosay
4%
Gournay-en-BrayElbeuf-en-Bray
4%
Le Mesnil-EsnardElbeuf-sur-Andelle
4%
Saint-Valery-en-CauxEnvronville
4%
Saint-Romain-de-ColboscÉpretot
4%
Saint-Valery-en-CauxErmenouville
4%
Gournay-en-BrayFerrières-en-Bray
4%
Bois-GuillaumeFontaine-le-Bourg
4%
Neufchâtel-en-BrayFréauville
4%
Caudebec-lès-ElbeufFreneuse
4%
Neufchâtel-en-BrayFresnoy-Folny
4%
FécampGerville
4%
Port-Jérôme-sur-SeineGrand-Camp
4%
Neufchâtel-en-BrayGrandcourt
4%
Saint-Valery-en-CauxHautot-l'Auvray
4%
YvetotHautot-le-Vatois
4%
BarentinHénouville
4%
Saint-Valery-en-CauxHoudetot
4%
EuIncheville
4%
Saint-Valery-en-CauxIngouville
4%
Saint-Valery-en-CauxLa Chapelle-sur-Dun
4%
Gournay-en-BrayLa Feuillie
4%
Saint-Valery-en-CauxLa Gaillarde
4%
Gournay-en-BrayLa Haye
4%
Le Mesnil-EsnardLa Neuville-Chant-d'Oisel
4%
Saint-Romain-de-ColboscLa Remuée
4%
BolbecLa Trinité-du-Mont
4%
Gournay-en-BrayLe Héron
4%
BarentinLe Mesnil-sous-Jumièges
4%
Dieppe-2Les Ifs
4%
Port-Jérôme-sur-SeineLouvetot
4%
Saint-Valery-en-CauxManneville-ès-Plains
4%
Le Mesnil-EsnardMartainville-Épreville
4%
Dieppe-2Martin-Église
4%
Port-Jérôme-sur-SeineMaulévrier-Sainte-Gertrude
4%
Saint-Romain-de-ColboscMentheville
4%
Notre-Dame-de-BondevilleMesnil-Panneville
4%
Le Mesnil-EsnardMesnil-Raoul
4%
Neufchâtel-en-BrayMontérolier
4%
Le Mesnil-EsnardMorgny-la-Pommeraye
4%
ElbeufMoulineaux
4%
Gournay-en-BrayNeuf-Marché
4%
Saint-Valery-en-CauxNormanville
4%
Dieppe-2Notre-Dame-d'Aliermont
4%
Port-Jérôme-sur-SeineNotre-Dame-de-Bliquetuit
4%
Octeville-sur-MerPierrefiques
4%
EuRéalcamp
4%
FécampRiville
4%
Saint-Valery-en-CauxRocquefort
4%
Le HavreRogerville
4%
Port-Jérôme-sur-SeineSaint-Arnoult
4%
DarnétalSaint-Aubin-Épinay
4%
Dieppe-2Saint-Aubin-le-Cauf
4%
Neufchâtel-en-BraySainte-Agathe-d'Aliermont
4%
Port-Jérôme-sur-SeineSaint-Gilles-de-Crétot
4%
Dieppe-2Saint-Jacques-d'Aliermont
4%
BolbecSaint-Jean-de-Folleville
4%
Port-Jérôme-sur-SeineSaint-Maurice-d'Ételan
4%
Port-Jérôme-sur-SeineSaint-Nicolas-de-la-Haie
4%
EuSept-Meules
4%
Bois-GuillaumeSierville
4%
Neufchâtel-en-BraySmermesnil
4%
Caudebec-lès-ElbeufSotteville-sous-le-Val
4%
Dieppe-1Tourville-sur-Arques
4%
FécampToussaint
4%
Dieppe-1Varengeville-sur-Mer
4%
Saint-Romain-de-ColboscVattetot-sous-Beaumont
4%
FécampVattetot-sur-Mer
4%
Port-Jérôme-sur-SeineVatteville-la-Rue
4%
BarentinYainville
4%
Dieppe-1Ambrumesnil
3%
YvetotAmfreville-les-Champs
3%
FécampAngerville-la-Martel
3%
Saint-Valery-en-CauxAngiens
3%
YvetotAnvéville
3%
Port-Jérôme-sur-SeineArelaune-en-Seine
3%
Gournay-en-BrayAubéguimont
3%
Saint-Romain-de-ColboscAuberville-la-Renault
3%
Bois-GuillaumeAuthieux-Ratiéville
3%
Saint-Valery-en-CauxAutigny
3%
YvetotAuzebosc
3%
Le Mesnil-EsnardAuzouville-sur-Ry
3%
Gournay-en-BrayAvesnes-en-Bray
3%
Neufchâtel-en-BrayBailleul-Neuville
3%
EuBaromesnil
3%
Gournay-en-BrayBeaussault
3%
Gournay-en-BrayBeauvoir-en-Lyons
3%
Dieppe-2Bellengreville
3%
Octeville-sur-MerBénouville
3%
Saint-Valery-en-CauxBertheauville
3%
BarentinBerville-sur-Seine
3%
Saint-Valery-en-CauxBeuzeville-la-Guérard
3%
LunerayBiville-la-Baignarde
3%
Le Mesnil-EsnardBois-d'Ennebourg
3%
Le Mesnil-EsnardBoissay
3%
Saint-Romain-de-ColboscBornambusc
3%
Bois-GuillaumeBosc-Guérard-Saint-Adrien
3%
Gournay-en-BrayBosc-Hyons
3%
Saint-Valery-en-CauxBosville
3%
Neufchâtel-en-BrayBouelles
3%
Gournay-en-BrayBrémontier-Merval
3%
Neufchâtel-en-BrayBully
3%
Neufchâtel-en-BrayBures-en-Bray
3%
Saint-Valery-en-CauxCailleville
3%
EuCanehan
3%
YvetotCanville-les-Deux-Églises
3%
YvetotCarville-Pot-de-Fer
3%
YvetotCideville
3%
Saint-Valery-en-CauxClasville
3%
Bois-GuillaumeClaville-Motteville
3%
Neufchâtel-en-BrayCottévrard
3%
FécampCriquebeuf-en-Caux
3%
Gournay-en-BrayCroisy-sur-Andelle
3%
Neufchâtel-en-BrayCroixdalle
3%
Gournay-en-BrayCuy-Saint-Fiacre
3%
Gournay-en-BrayDampierre-en-Bray
3%
Dieppe-2Dampierre-Saint-Nicolas
3%
LunerayDénestanville
3%
Dieppe-2Douvrend
3%
BarentinÉpinay-sur-Duclair
3%
FécampÉpreville
3%
Bois-GuillaumeEsteville
3%
EuÉtalondes
3%
EuFallencourt
3%
YvetotFlamanville
3%
Octeville-sur-MerFongueusemare
3%
DarnétalFontaine-sous-Préaux
3%
Notre-Dame-de-BondevilleFresquiennes
3%
Bois-GuillaumeFrichemesnil
3%
FécampFroberville
3%
Gournay-en-BrayFry
3%
YvetotFultot
3%
Gournay-en-BrayGaillefontaine
3%
Saint-Romain-de-ColboscGrainville-Ymauville
3%
LunerayGreuville
3%
Bois-GuillaumeGrugny
3%
LunerayGueutteville
3%
Gournay-en-BrayHaudricourt
3%
Saint-Valery-en-CauxHéberville
3%
EuHodeng-au-Bosc
3%
Gournay-en-BrayHodeng-Hodenger
3%
Gournay-en-BrayIllois
3%
LunerayImbleville
3%
Gournay-en-BrayLa Ferté-Saint-Samson
3%
LunerayLammerville
3%
Le Mesnil-EsnardLa Rue-Saint-Pierre
3%
Notre-Dame-de-BondevilleLa Vaupalière
3%
Le Mesnil-EsnardLa Vieux-Rue
3%
LunerayLe Bois-Robert
3%
Gournay-en-BrayLe Caule-Sainte-Beuve
3%
FécampLimpiville
3%
YvetotLindebeuf
3%
Port-Jérôme-sur-SeineLintot
3%
Dieppe-1Longueil
3%
Octeville-sur-MerManéglise
3%
Gournay-en-BrayMénerval
3%
Gournay-en-BrayMésangueville
3%
Bois-GuillaumeMont-Cauvaire
3%
Gournay-en-BrayMorville-sur-Andelle
3%
YvetotMotteville
3%
EuNesle-Normandeuse
3%
Neufchâtel-en-BrayNeuville-Ferrières
3%
Gournay-en-BrayNolléval
3%
Neufchâtel-en-BrayOsmoy-Saint-Valery
3%
Saint-Valery-en-CauxOuainville
3%
Dieppe-1Ouville-la-Rivière
3%
EuPierrecourt
3%
Le Mesnil-EsnardPierreval
3%
Saint-Valery-en-CauxPleine-Sève
3%
Neufchâtel-en-BrayPreuseville
3%
Neufchâtel-en-BrayPuisenval
3%
DarnétalQuévreville-la-Poterie
3%
EuRieux
3%
Neufchâtel-en-BrayRocquemont
3%
Gournay-en-BrayRoncherolles-en-Bray
3%
DarnétalRoncherolles-sur-le-Vivier
3%
Le Mesnil-EsnardSaint-Aignan-sur-Ry
3%
YvetotSaint-Clair-sur-les-Monts
3%
Notre-Dame-de-BondevilleSainte-Austreberthe
3%
Neufchâtel-en-BraySainte-Beuve-en-Rivière
3%
Octeville-sur-MerSainte-Marie-au-Bosc
3%
Bois-GuillaumeSaint-Georges-sur-Fontaine
3%
Le Mesnil-EsnardSaint-Germain-sous-Cailly
3%
YvetotSaint-Laurent-en-Caux
3%
Saint-Romain-de-ColboscSaint-Maclou-la-Brière
3%
YvetotSaint-Martin-aux-Arbres
3%
Notre-Dame-de-BondevilleSaint Martin de l'If
3%
FécampSaint-Pierre-en-Port
3%
Saint-Valery-en-CauxSaint-Pierre-le-Vieux
3%
Saint-Valery-en-CauxSaint-Pierre-le-Viger
3%
EuSaint-Riquier-en-Rivière
3%
Saint-Valery-en-CauxSaint-Vaast-Dieppedalle
3%
LuneraySaint-Victor-l'Abbaye
3%
Gournay-en-BraySaumont-la-Poterie
3%
FécampSenneville-sur-Fécamp
3%
Gournay-en-BraySigy-en-Bray
3%
FécampTheuville-aux-Maillots
3%
LunerayVarneville-Bretteville
3%
Octeville-sur-MerVergetot
3%
Gournay-en-BrayVieux-Rouen-sur-Bresle
3%
Neufchâtel-en-BrayWanchy-Capval
3%
Le Mesnil-EsnardYquebeuf
3%
BarentinYville-sur-Seine
3%
Saint-Valery-en-CauxAncourteville-sur-Héricourt
1%
YvetotAncretiéville-Saint-Victor
1%
Saint-Romain-de-ColboscAngerville-Bailleul
1%
LunerayAnneville-sur-Scie
1%
Saint-Romain-de-ColboscAnnouville-Vilmesnil
1%
Dieppe-1Aubermesnil-Beaumais
1%
Saint-Valery-en-CauxAuberville-la-Manuel
1%
LunerayAuppegard
1%
Neufchâtel-en-BrayAuvilliers
1%
YvetotAuzouville-l'Esneval
1%
LunerayAuzouville-sur-Saâne
1%
Neufchâtel-en-BrayBaillolet
1%
Dieppe-2Bailly-en-Rivière
1%
YvetotBaons-le-Comte
1%
EuBazinval
1%
Gournay-en-BrayBeaubec-la-Rosière
1%
Neufchâtel-en-BrayBeaumont-le-Hareng
1%
LunerayBeautot
1%
Saint-Romain-de-ColboscBec-de-Mortagne
1%
Saint-Romain-de-ColboscBénarville
1%
Saint-Valery-en-CauxBertreville
1%
LunerayBertreville-Saint-Ouen
1%
YvetotBerville-en-Caux
1%
Le Mesnil-EsnardBierville
1%
Le Mesnil-EsnardBois-Guilbert
1%
Le Mesnil-EsnardBois-Héroult
1%
YvetotBois-Himont
1%
Neufchâtel-en-BrayBosc-Bérenger
1%
Le Mesnil-EsnardBosc-Édeline
1%
Neufchâtel-en-BrayBracquetuit
1%
Saint-Valery-en-CauxBrametot
1%
Saint-Romain-de-ColboscBretteville-du-Grand-Caux
1%
YvetotButot
1%
Saint-Valery-en-CauxButot-Vénesville
1%
Neufchâtel-en-BrayCallengeville
1%
LunerayCalleville-les-Deux-Églises
1%
EuCampneuseville
1%
Saint-Valery-en-CauxCanouville
1%
Le Mesnil-EsnardCatenay
1%
Saint-Valery-en-CauxCleuville
1%
Saint-Valery-en-CauxCléville
1%
Dieppe-1Colmesnil-Manneville
1%
Gournay-en-BrayCompainville
1%
FécampContremoulins
1%
FécampCriquetot-le-Mauconduit
1%
Gournay-en-BrayCriquiers
1%
LunerayCrosville-sur-Scie
1%
Saint-Romain-de-ColboscDaubeuf-Serville
1%
Notre-Dame-de-BondevilleÉcalles-Alix
1%
Saint-Romain-de-ColboscÉcrainville
1%
FécampÉcretteville-sur-Mer
1%
FécampÉletot
1%
Gournay-en-BrayErnemont-la-Villette
1%
Le Mesnil-EsnardErnemont-sur-Buchy
1%
LunerayÉtaimpuis
1%
Neufchâtel-en-BrayFesques
1%
Neufchâtel-en-BrayFlamets-Frétils
1%
EuFlocques
1%
Neufchâtel-en-BrayFresles
1%
LunerayFresnay-le-Long
1%
Le Mesnil-EsnardFresne-le-Plan
1%
Dieppe-2Freulleville
1%
Gournay-en-BrayGancourt-Saint-Étienne
1%
FécampGanzeville
1%
FécampGerponville
1%
YvetotGonzeville
1%
Notre-Dame-de-BondevilleGoupillières
1%
Saint-Romain-de-ColboscGraimbouville
1%
Neufchâtel-en-BrayGraval
1%
Dieppe-2Grèges
1%
Neufchâtel-en-BrayGrigneuseville
1%
Gournay-en-BrayGrumesnil
1%
EuGuerville
1%
YvetotHarcanville
1%
Saint-Valery-en-CauxHattenville
1%
Gournay-en-BrayHaussez
1%
LunerayHermanville
1%
Le Mesnil-EsnardHéronchelles
1%
Port-Jérôme-sur-SeineHeurteauville
1%
Gournay-en-BrayLa Bellière
1%
LunerayLa Chapelle-du-Bourgay
1%
Gournay-en-BrayLa Chapelle-Saint-Ouen
1%
LunerayLa Chaussée
1%
Gournay-en-BrayLa Hallotière
1%
Bois-GuillaumeLa Houssaye-Béranger
1%
LunerayLamberville
1%
Saint-Valery-en-CauxLe Mesnil-Durdent
1%
Gournay-en-BrayLe Mesnil-Lieubray
1%
EuLe Mesnil-Réaume
1%
YvetotLes Hauts-de-Caux
1%
LunerayLestanville
1%
Gournay-en-BrayLe Thil-Riberpré
1%
YvetotLe Torp-Mesnil
1%
LunerayLintot-les-Bois
1%
Gournay-en-BrayLongmesnil
1%
EuLongroy
1%
Le Mesnil-EsnardLonguerue
1%
Saint-Valery-en-CauxMalleville-les-Grès
1%
LunerayManéhouville
1%
FécampManiquerville
1%
Gournay-en-BrayMarques
1%
Dieppe-1Martigny
1%
Gournay-en-BrayMauquenchy
1%
BolbecMélamare
1%
Neufchâtel-en-BrayMénonval
1%
Dieppe-2Meulers
1%
Gournay-en-BrayMolagnies
1%
EuMonchaux-Soreng
1%
LunerayMontreuil-en-Caux
1%
Gournay-en-BrayMontroty
1%
Neufchâtel-en-BrayMortemer
1%
LunerayMuchedent
1%
Neufchâtel-en-BrayNesle-Hodeng
1%
Gournay-en-BrayNullemont
1%
Saint-Valery-en-CauxOherville
1%
YvetotOuville-l'Abbaye
1%
Gournay-en-BrayPommereux
1%
EuPonts-et-Marais
1%
LunerayRainfreville
1%
Le Mesnil-EsnardRebets
1%
EuRétonval
1%
Dieppe-2Ricarville-du-Val
1%
Gournay-en-BrayRichemont
1%
YvetotRobertot
1%
Gournay-en-BrayRonchois
1%
Gournay-en-BrayRouvray-Catillon
1%
LunerayRoyville
1%
LuneraySaâne-Saint-Just
1%
Le Mesnil-EsnardSaint-André-sur-Cailly
1%
LuneraySaint-Crespin
1%
Dieppe-1Saint-Denis-d'Aclon
1%
Le Mesnil-EsnardSaint-Denis-le-Thiboult
1%
LuneraySaint-Denis-sur-Scie
1%
Le Mesnil-EsnardSainte-Croix-sur-Buchy
1%
LuneraySainte-Foy
1%
Neufchâtel-en-BraySainte-Geneviève
1%
FécampSainte-Hélène-Bondeville
1%
Le Mesnil-EsnardSaint-Germain-des-Essourts
1%
LuneraySaint-Germain-d'Étables
1%
Neufchâtel-en-BraySaint-Germain-sur-Eaulne
1%
LuneraySaint-Honoré
1%
Gournay-en-BraySaint-Lucien
1%
LuneraySaint-Maclou-de-Folleville
1%
LuneraySaint-Mards
1%
EuSaint-Martin-au-Bosc
1%
Neufchâtel-en-BraySaint-Martin-l'Hortier
1%
Neufchâtel-en-BraySaint-Martin-Osmonville
1%
Gournay-en-BraySaint-Michel-d'Halescourt
1%
Dieppe-2Saint-Ouen-sous-Bailly
1%
LuneraySaint-Pierre-Bénouville
1%
Neufchâtel-en-BraySaint-Pierre-des-Jonquières
1%
Neufchâtel-en-BraySaint-Saire
1%
Saint-Romain-de-ColboscSaint-Sauveur-d'Émalleville
1%
Dieppe-2Saint-Vaast-d'Équiqueville
1%
LuneraySaint-Vaast-du-Val
1%
Dieppe-2Sauchay
1%
Dieppe-1Sauqueville
1%
Le Mesnil-EsnardServaville-Salmonville
1%
Neufchâtel-en-BraySommery
1%
Saint-Valery-en-CauxSommesnil
1%
FécampSorquainville
1%
FécampThérouldeville
1%
FécampThiergeville
1%
FécampThiétreville
1%
LunerayThil-Manneville
1%
LunerayTocqueville-en-Caux
1%
LunerayTorcy-le-Grand
1%
LunerayTorcy-le-Petit
1%
YvetotTouffreville-la-Corbeline
1%
EuTouffreville-sur-Eu
1%
CanteleuVal-de-la-Haye
1%
LunerayVassonville
1%
Neufchâtel-en-BrayVatierville
1%
Saint-Valery-en-CauxVeauville-lès-Quelles
1%
YvetotVibeuf
1%
EuVillers-sous-Foucarmont
1%
EuVilly-sur-Yères
1%
FécampVinnemerville
1%
FécampYpreville-Biville
1%
YvetotYvecrique
1%
FécampAncretteville-sur-Mer
0%
Neufchâtel-en-BrayArdouval
0%
EuAubermesnil-aux-Érables
0%
Octeville-sur-MerBeaurepaire
0%
LunerayBeauval-en-Caux
0%
Neufchâtel-en-BrayBellencombre
0%
LunerayBelleville-en-Caux
0%
LunerayBelmesnil
0%
YvetotBénesville
0%
LunerayBertrimont
0%
LunerayBiville-la-Rivière
0%
Le Mesnil-EsnardBois-l'Évêque
0%
Octeville-sur-MerBordeaux-Saint-Clair
0%
Neufchâtel-en-BrayBosc-Mesnil
0%
YvetotBoudeville
0%
YvetotBourdainville
0%
Neufchâtel-en-BrayBradiancourt
0%
YvetotBretteville-Saint-Laurent
0%
LunerayCriquetot-sur-Longueville
0%
YvetotCriquetot-sur-Ouville
0%
Neufchâtel-en-BrayCropus
0%
EuCuverville-sur-Yères
0%
YvetotEctot-l'Auber
0%
YvetotEctot-lès-Baons
0%
Gournay-en-BrayEllecourt
0%
Notre-Dame-de-BondevilleÉmanville
0%
Neufchâtel-en-BrayEsclavelles
0%
YvetotÉtalleville
0%
YvetotÉtoutteville
0%
Neufchâtel-en-BrayFontaine-en-Bray
0%
Saint-Romain-de-ColboscGonfreville-Caillot
0%
LunerayGonnetot
0%
LunerayGonneville-sur-Scie
0%
Le Mesnil-EsnardGrainville-sur-Ry
0%
Saint-Valery-en-CauxGueutteville-les-Grès
0%
Gournay-en-BrayHaucourt
0%
LunerayHeugleville-sur-Scie
0%
YvetotHugleville-en-Caux
0%
LunerayLa Fontelaye
0%
Gournay-en-BrayLandes-Vieilles-et-Neuves
0%
LunerayLe Catelier
0%
LunerayLes Cent-Acres
0%
Neufchâtel-en-BrayLucy
0%
Neufchâtel-en-BrayMassy
0%
Neufchâtel-en-BrayMathonville
0%
Neufchâtel-en-BrayMaucomble
0%
BarentinMauny
0%
EuMelleville
0%
Neufchâtel-en-BrayMesnil-Follemprise
0%
Gournay-en-BrayMesnil-Mauger
0%
EuMillebosc
0%
EuMonchy-sur-Eu
0%
Gournay-en-BrayMorienne
0%
Neufchâtel-en-BrayNeufbosc
0%
LunerayNotre-Dame-du-Parc
0%
LunerayOmonville
0%
Neufchâtel-en-BrayPommeréval
0%
YvetotPrétot-Vicquemare
0%
Neufchâtel-en-BrayQuièvrecourt
0%
YvetotReuville
0%
Neufchâtel-en-BrayRosay
0%
Neufchâtel-en-BraySaint-Hellier
0%
EuSaint-Léger-aux-Bois
0%
EuSaint-Martin-le-Gaillard
0%
LuneraySaint-Ouen-du-Breuil
0%
LuneraySaint-Ouen-le-Mauger
0%
EuSaint-Pierre-en-Val
0%
EuSaint-Rémy-Boscrocourt
0%
LuneraySassetot-le-Malgardé
0%
YvetotSaussay
0%
Saint-Valery-en-CauxThiouville
0%
Saint-Valery-en-CauxTrémauville
0%
LunerayVénestanville
0%
Neufchâtel-en-BrayVentes-Saint-Rémy
0%

Distribution des résultats

Percentile par nombre de réponses

% des personnes avec chaque résultat

Votre développement - résultats

Vous n’avez pas pris ce quiz